000 01422nam a22004337a 4500
001 904420874
003 OCoLC
005 20210419062611.0
008 150305q2016 pau 000 0 eng d
020 _a1451193432
020 _a9781451193435
035 _a(OCoLC)904420874
040 _aYDXCP
_beng
_cYDXCP
049 _aYYEA
080 _a616.8
_bG-69
096 _aWL 18.2 G696h 2016
100 1 _aGould, Douglas J.
245 1 0 _aHigh-yield neuroanatomy /
_cDouglas J. Gould, Jennifer K. Brueckner-Collins.
246 3 _aHigh yield neuroanatomy.
246 3 0 _aNeuroanatomy.
250 _a5th ed.
260 _aPhiladelphia :
_bWolters Kluwer,
_cc2016.
300 _axii, 188 p. :
_bill. ;
_c26 cm.
365 _b14.55 usd
490 1 _aHigh-yield series.
500 _a"Author of first-fourth editions: James D. Fix, PhD (1931-2010)."
504 _aIncludes index.
590 _ac.1 10069598 Ritt 9/16/15 $35.99.
650 2 _aNervous System
_xanatomy & histology
_vExamination Questions.
650 2 _aNervous System
_xanatomy & histology
_vOutlines.
650 2 _aNervous System Diseases
_vExamination Questions.
650 2 _aNervous System Diseases
_vOutlines.
653 _aნევროანატომია
653 _aნევროლოგია
700 1 _aBrueckner, Jennifer K.,
_d1970-
700 1 _aFix, James D.
830 0 _aHigh-yield series.
942 _2udc
_cBK
999 _c260
_d260